00482nam a2200169Ia 4500003000400000008004100004020001400045040000800059100001900067245003500086260003200121300001000153901002100163942001200184952009900196999001700295LDD181029s9999 xx 000 0 und d a713100087 cLDD aNigosian, S.A. 0aWorld religionscS.A. Nigosian aLondonbEdward Arnoldc1975 a213p. a2754b03-10-2003 2ddccBK 00102ddc4070945687aLDDbLDDd2018-11-01l0o290 N567Wp029010r2018-11-01w2018-11-01yBK c45688d45688